000 00646nam a2200229Ia 4500
003 OSt
005 20220924122545.0
006 a|||||r|||| 00| 0
007 ta
008 220923b |||||||| |||| 00| 0 urd d
024 _a314093
037 _cTextual
040 _aARTS
_cARTS
_burd
041 _2urd
_aurd
082 _aO168,1MSG,11, C7
100 _aLahauri Mufti Ghulam Sarwar
_9189910
245 0 _aGuldasta-e-Sarwari
260 _aLuckhnow
_bMunshi Naval Kishore India
_c1897
650 _aURDU POETRY
942 _hO168,1MSG,11, C7
_cTEXL
_2CC
999 _c412122
_d412122